Immortal Technique Songs - Sudden Death - Statistics

General Stats
  • This quiz has been taken 16 times
    4 since last reset
  • The average score is 4 of 17
Answers on the Grid
Answers color-coded by a green-red scale on the quiz's grid according to % correct below.
Dance with the Devil
Peruvian Cocaine
Legend Has It
Industrial Revolution
Scapegoat
It Was a Good Day
Internally Bleeding
Uncle Sam Goddamn
Mistakes
Wavin' Flag
Eyes in the Sky
The 4th Branch
Ready or Not
Natural Beauty
You Got Me
The Cause of Death
Umi Says
Goonies Never Die
Reagan
Freedom of Speech
Street Struck
Victory Lap
Middle Child
Dominant Species
Mt. Olympus
Caught in the Hustle
The 3rd World
Mathematics
Leaving the Past
Weekend
Black Vikings
Dior
Sign of the Times
 
Answer Stats
Answer % Correct
Dance with the Devil
100%
Peruvian Cocaine
100%
Internally Bleeding
50%
Caught in the Hustle
25%
Dominant Species
25%
Freedom of Speech
25%
Industrial Revolution
25%
Leaving the Past
25%
The 3rd World
25%
The Cause of Death
25%
Black Vikings
0%
Eyes in the Sky
0%
Goonies Never Die
0%
Mistakes
0%
Natural Beauty
0%
Sign of the Times
0%
The 4th Branch
0%
No matching quizzes found
Score Distribution
Percent of People with Each Score
Percentile by Number Answered
Your Score History
You have not taken this quiz since the last reset